Tổng hợp các dự án ODA liên quan đến môi trường

Đánh giá tổng quan về tất cả các dự án ODA liên quan đến môi trường đã kết thúc, đang phát triển hoặc được lên kế hoạch thực hiện ở Việt Nam cho đến cuối năm 2003.

Guardado en:
Detalles Bibliográficos
Autores Corporativos: Bộ Tài nguyên Môi trường, Chương trình phát triển liên hợp quốc
Formato: Libro
Lenguaje:Undetermined
Publicado: Hà Nội Thanh niên 2003
Materias:
Etiquetas: Agregar Etiqueta
Sin Etiquetas, Sea el primero en etiquetar este registro!
Thư viện lưu trữ: Trung tâm Học liệu Trường Đại học Cần Thơ
LEADER 01057nam a2200217Ia 4500
001 CTU_141870
008 210402s9999 xx 000 0 und d
082 |a 658.408 
082 |b B450 
110 |a Bộ Tài nguyên Môi trường 
110 |b Chương trình phát triển liên hợp quốc 
245 0 |a Tổng hợp các dự án ODA liên quan đến môi trường 
245 0 |c Bộ Tài nguyên Môi trường. Chương trình phát triển liên hợp quốc 
260 |a Hà Nội 
260 |b Thanh niên 
260 |c 2003 
520 |a Đánh giá tổng quan về tất cả các dự án ODA liên quan đến môi trường đã kết thúc, đang phát triển hoặc được lên kế hoạch thực hiện ở Việt Nam cho đến cuối năm 2003. 
650 |a Environmental management,Môi trường 
650 |x Quản lý 
904 |i Bạch Trúc 
980 |a Trung tâm Học liệu Trường Đại học Cần Thơ